000 00696cam0a220019300 4500
001 tmp15408045
003 UPRA
005 20190830130439.0
008 950808s1962 na dut u
035 _a(Sirsi) r31077
035 _a(UPRA)tmp15408045
040 _cUPRA
100 1 _aHartog, J. (Johannes), 1912-
_qHartog, J. (Johannes), 1912-
_dHartog, J. (Johannes), 1912-
_6A95387.1
245 1 0 _aBonaire.
260 _aOranjestad ; Aruba ; Netherlands Antilles :
_aOranjestad ; Aruba ; Netherlands Antilles :
_aOranjestad ; Aruba ; Netherlands Antilles :
_bD.J. De Wit,
_c[1962]
651 0 _aBonaire (Island)
_6S68778.1
949 _aF2048
_wlcc
_i-35036
_mMAIN
_tBOOK
_lON-SHELF
004 31077
999 _c203017
_d203017